Normal view
MARC view
- THYAGARAJAN S.K
Entry Personal Name
001 - CONTROL NUMBER
- control field: 90760
003 - CONTROL NUMBER IDENTIFIER
- control field: NUST
005 - DATE AND TIME OF LATEST TRANSACTION
- control field: 20220330160447.0
008 - FIXED-LENGTH DATA ELEMENTS
- fixed length control field: 220330|| aca||aabn | a|a d
040 ## - CATALOGING SOURCE
- Original cataloging agency: NUST
- Transcribing agency: NUST
100 ## - HEADING--PERSONAL NAME
- Personal name: THYAGARAJAN S.K
670 ## - SOURCE DATA FOUND
- Source citation: Work cat.: (NUST): THYAGARAJAN S.K., INTRODUCTION TO DIGITAL SIGNAL PROCESSING USING /, 2019.
